000 00795nam a22002417a 4500
003 0
005 20180712163737.0
008 0
010 _aB-220693
020 _c875.00
_a8186623809
035 _aB-220693, B-220695
037 _bCen Lib/Ret
040 _aDPL
_bEN
_c0
082 _a581.634
_bCOM
110 _aDelhi.National Institute of Industrial Research
_997229
245 _aCompendium of medicinal plants /
260 _aDelhi
_bNational Institute of Industrial Research
270 _bDelhi
_e110007
_a106-E, Kamla Nagar
300 _a444p. :
_c20cm(pbk)
_bill.
650 _aMedicinal plants -- India -- Handbooks, manuals, etc.
_997230
650 _aMateria medica, Vegetable -- India -- Handbooks, manuals, etc.
_997231
942 _2ddc
_cEN
_h581.634
_mCOM
999 _c135461
_d135461